00607 2200217 4500001002100000005001700021008004100038020002200079035002400101040001300125082001100138090001900149245005300168250001000221260002700231300002700258650004600285710001900331850001200350990002700362YOGYA-0711000000057020110713081258.0 ind  a978-979-29-2446-6 0010-071100000000570 aYOPD DIY a006.68 aDEP 006.68 Pas aPasti Bisa Belajar Sendiri Adobe Ilustrator CS 5 aCet 1 aYogyakartabAndic2011 aV 200 hlmbilusc21 cm aAdobe Ilustrator CS 5 ( Komputer Grafis ) aMadcoms Madiun aYOPDYOG aCB - D.11 - 2011 - 314